000 00485nam a2200193 a 4500
001 1764487598950
003 YourLibrary
005 20251204111955.0
008 251130s2008##################000#0#eng##
020 _a9781405328159
082 0 4 _a200
_bWIL
100 1 _aWilkinson, Philip,
_eauthor.
245 1 0 _aReligions :
260 _bDorling Kindersley Ltd,
_c2008.
300 _a355 pages
650 0 _aReligion.
942 _cENGLISH
040 _aYourLibrary
_beng
_cYourLibrary
999 _c599907
_d599907